| 000 | 00458nam a22001457a 4500 | ||
|---|---|---|---|
| 082 |
_a954.5 _bDAR |
||
| 100 | 1 |
_aDarling, Malcolm, _950465 |
|
| 245 | 1 | 0 |
_aWisdom and waste in the Punjab village _cby Malcolm Lyall Darling. |
| 260 |
_aLondon ; _aNew York : _bOxford University Press, _c1934. |
||
| 300 |
_axvi, 368 p. : _bill., map ; _c23 cm. |
||
| 500 | _aIncludes index. | ||
| 526 |
_a0 _b0 _c0 _d954_500000000000000_DAR |
||
| 650 |
_aMCE _9379 |
||
| 942 |
_2ddc _cBK |
||
| 999 |
_c553204 _d553204 |
||